| 000 | 00548 a2200169 4500 | ||
|---|---|---|---|
| 005 | 20251003102358.0 | ||
| 008 | 251001b |||||||| |||| 00| 0 eng d | ||
| 020 | _a9798891615496 | ||
| 082 | _aDC 320.3 W210 2025 | ||
| 100 |
_aWard, Roger. _968275 |
||
| 245 |
_aComparative government and politics / _cRoger Ward. |
||
| 260 |
_aUSA : _bAlexis Press, LLC., _c©2025. |
||
| 300 |
_aix, 306 pages : _billustrations ; _c26 cm. |
||
| 500 | _aIncludes bibliography and index. | ||
| 650 | 0 |
_aComparative government _xTextbooks. _968430 |
|
| 942 |
_2ddc _cDC |
||
| 999 |
_c23922 _d23922 |
||